| 000 | 00725nmc a2200277 a 4500 | ||
|---|---|---|---|
| 003 | AR-BaBNM | ||
| 005 | 20251128210709.0 | ||
| 008 | 241020s1984 ||||||||||||||000 | spa|| | ||
| 020 | _a950-549-052-6 | ||
| 040 | _cAR-BaBNM | ||
| 100 | 1 | _aNegri, Tomás Alva | |
| 245 | 1 | 0 | _aGalia satírica, o, Los siete pecados |
| 246 | 1 | _aLos siete pecados | |
| 260 |
_aBuenos Aires _bTorres Agüero Editor _c1984 |
||
| 300 | 0 | _a105 p. | |
| 490 | 0 | _aCuentos | |
| 650 | 4 | _aLITERATURA ARGENTINA | |
| 650 | 4 | _aLITERATURA CONTEMPORANEA | |
| 650 | 4 | _aCUENTOS | |
| 653 | 0 | _aNARRATIVA | |
| 655 | _aLITERATURA | ||
| 700 | 1 |
_aTedesco, Luis O. _eeditor |
|
| 700 | 1 |
_aBartholomew, Roy _eprologuista |
|
| 942 | _cBK | ||
| 998 | _cMARTIN | ||
| 999 |
_c16494 _d16494 |
||